| 000 | 00913nam a22002177a 4500 | ||
|---|---|---|---|
| 005 | 20251108175040.0 | ||
| 008 | 250721s2003 xx 000 0 ara d | ||
| 082 | 1 | 4 | _aم/327.5601812/مؤت |
| 100 | 1 |
_aلؤلؤة، عبد الواحد _eمحرر |
|
| 111 | 2 |
_aالمؤتمر العلمي السنوي الساابع لكلية الآداب و الفنون _cعمان _d6 - 8 آب 2002 |
|
| 245 | 1 | 0 | _aالعرب و الغرب : أوراق المؤتمر العلمي السنوي السابع لكلية الآداب و الفنون 6-8 آب 2002 " بحوث مختارة" / |
| 264 | 1 |
_aعمان : _bجامعة فيلادلفيا، _c2003. |
|
| 300 | _a599 ص. | ||
| 650 | 1 | 7 | _aالعلاقات الدولية |
| 650 | 1 | 7 | _aالعرب |
| 650 | 1 | 7 | _aالغرب |
| 700 | 1 |
_aالمناصرة، عز الدين _eمحرر |
|
| 700 | 1 |
_aعليان، حسن _eمحرر |
|
| 942 |
_2ddc _cREF |
||
| 999 |
_c124871 _d124871 |
||